| 000 | 00513nam a2200169 4500 | ||
|---|---|---|---|
| 001 | 133213 | ||
| 003 | ES-MaACL | ||
| 007 | t| | ||
| 008 | 070214s1910 fr r ||||1| fre d | ||
| 100 | 1 |
_aRostand, Edmond. _999921 |
|
| 245 | 1 | 0 |
_aChantecler _b: piéce en quatre actes en vers / _cEdmond Rostand. |
| 260 |
_aParis : _bPhilippe Renouard, _c1910. |
||
| 300 |
_a244 p. ; _c20 cm. |
||
| 852 |
_aES-MaACL _jB-3267 |
||
| 852 | 4 |
_aES-MaACL _jE-12520 _z. - Biblioteca Jacinto Martínez Lacalle |
|
| 999 |
_c133213 _d133213 |
||